000 00917nam a22003377a 4500
001 BR0702269
003 BR-BrBNA
005 20230928102417.0
007 ta
008 230509b bl.||||| |||| 00| 0 por d
040 _aBR-BrBNA
_bpor
_cBiblioteca Nacional de Agricultura
041 _a(Por)
072 _aE70; E71
_b2120
090 _ 2120 BR0702269
100 1 _aPerobelli, F.S.
100 1 _aSchouchana, F.
110 1 _aBolsa de Mercadorias Futuro, São Paulo, SP (Brasil)
245 1 _aFormação do preço do café na BM F
260 3 _aSão Paulo, SP (Brasil):
_c[nd].
300 _a27 p.
500 _a10 ref.; 14 illus.; 11 tables
650 _aCAFÉ
650 _aPREÇO
650 _aMERCADO
650 _aCUSTO DE PRODUÇÃO
650 _aEXPORTAÇÃO
650 _aMODELO MATEMÁTICO
650 _aBOLSA DE MERCADORIAS
909 _a202309
_bLucia
_c55
_dLucia Elande
942 _cBK
999 _c70633
_d70633